| 000 | 00366nam a2200145Ia 4500 | ||
|---|---|---|---|
| 005 | 20250425084320.0 | ||
| 008 | 240331s9999 xx 000 0 und d | ||
| 082 |
_a295.5 _bMUR |
||
| 100 | _aMurthy, S | ||
| 245 | 0 | _aMatar kula tilakankal | |
| 260 |
_aChennai _bVanathi pathippagam _c1991 |
||
| 300 | _a216 p ., | ||
| 500 | _aA book of Ancient Tamil women's | ||
| 942 | _cL | ||
| 999 |
_c954 _d954 |
||